000 00559nam a2200205Ia 4500
005 20250508152824.0
008 008 250505s9999 xx 000 0 hin d
037 _aTextual
040 _aFEDL
_beng
_cFEDL
041 _ahin
_2hin
084 _a301.2, RAG
_qFEDL
100 _aRaghav Rangya
_9758714
245 0 _aSanskriti aure manavshastra
260 _aAgra, India
_bVinod Pustak Mandir
_c1961
300 _a294p
650 _aSociology
700 _a Sharma Govind
_9762478
942 _cTEXL
_h301.2, RAG
999 _c1338979
_d1338979